| 000 | 00537nam a2200157Ia 4500 | ||
|---|---|---|---|
| 003 | GCL | ||
| 008 | 140319s9999 xx 000 0 ara d | ||
| 040 |
_aGCL / _cGCL |
||
| 082 | 0 | 4 |
_a961.202 _bم ش |
| 245 | 1 | 0 | _aالشاطىء الرابع: الاستيطان الزراعى الايطالى الشامل فى ليبيا |
| 300 | _a157 ص | ||
| 490 |
_aسلسلة الدراسات المترجمة _v0 |
||
| 650 | 0 | 4 | _aالاستعمار الايطالى |
| 650 | 0 | 4 | _aليبيا - تاريخ - العصر الحديث |
| 942 |
_2ddc _cBK |
||
| 999 |
_c38053 _d38053 |
||